Regional Disparities and Their Impact on Educational Development

Problematika regionálneho školstva, dôraz na úlohu univerzity v menej rozvinutých regiónoch. Skúmanie faktorov, ktoré prispievajú k regionálnym rozdielom vo vzdelávaní, ako sú finančné obmedzenia, odliv talentov a obmedzená podpora.

Guardado en:
Detalles Bibliográficos
Autor principal: Tkáč, Michal, 1958-
Otros Autores: Turisová, Renáta
Formato: Capítulo de libro
Lenguaje:inglés
Materias:
Etiquetas: Agregar Etiqueta
Sin Etiquetas, Sea el primero en etiquetar este registro!

MARC

LEADER 00000naa$a2200000$$$4500
001 0305277
005 20241127105652.2
041 0 |a eng 
044 |a SK 
245 1 0 |a Regional Disparities and Their Impact on Educational Development  |c Michal Tkáč, Renáta Turisová 
520 |a Problematika regionálneho školstva, dôraz na úlohu univerzity v menej rozvinutých regiónoch. Skúmanie faktorov, ktoré prispievajú k regionálnym rozdielom vo vzdelávaní, ako sú finančné obmedzenia, odliv talentov a obmedzená podpora. 
610 2 0 |a rozdiely regionálne 
610 2 0 |a regióny 
610 2 0 |a únik mozgov 
610 2 0 |a univerzity 
610 2 0 |a školstvo 
100 1 |a Tkáč, Michal, 1958- 
700 1 |a Turisová, Renáta